MARC details
| 000 -LEADER |
| fixed length control field |
01204 a2200373 4500 |
| 001 - CONTROL NUMBER |
| control field |
71340 |
| 003 - CONTROL NUMBER IDENTIFIER |
| control field |
TR-AnTOB |
| 005 - DATE AND TIME OF LATEST TRANSACTION |
| control field |
20211213084335.0 |
| 008 - FIXED-LENGTH DATA ELEMENTS--GENERAL INFORMATION |
| fixed length control field |
080728s2007 tu tur |
| 020 ## - INTERNATIONAL STANDARD BOOK NUMBER |
| International Standard Book Number |
9789750604843 |
| 040 ## - CATALOGING SOURCE |
| Original cataloging agency |
TR-AnTOB |
| Transcribing agency |
TR-AnTOB |
| 041 ## - LANGUAGE CODE |
| Language code of text/sound track or separate title |
Türkçe |
| 050 ## - LIBRARY OF CONGRESS CALL NUMBER |
| Classification number |
QL101 |
| Item number |
.K44 2007 |
| 090 ## - LOCALLY ASSIGNED LC-TYPE CALL NUMBER (OCLC); LOCAL CALL NUMBER (RLIN) |
| Classification number (OCLC) (R) ; Classification number, CALL (RLIN) (NR) |
QL101 .K44 2007 |
| 100 ## - MAIN ENTRY--PERSONAL NAME |
| Personal name |
Kılıç, A. Yavuz |
| 9 (RLIN) |
45741 |
| 245 #0 - TITLE STATEMENT |
| Title |
Eskişehir faunası (ilk liste) / |
| Statement of responsibility, etc. |
Yavuz A. Kılıç. |
| 264 #1 - PRODUCTION, PUBLICATION, DISTRIBUTION, MANUFACTURE, AND COPYRIGHT NOTICE |
| Place of production, publication, distribution, manufacture |
Eskişehir : |
| Name of producer, publisher, distributor, manufacturer |
Anadolu Üniversitesi, |
| Date of production, publication, distribution, manufacture, or copyright notice |
2007. |
| 300 ## - PHYSICAL DESCRIPTION |
| Extent |
iv, 168 s. ; |
| Dimensions |
22 cm. |
| 336 ## - CONTENT TYPE |
| Source |
rdacontent |
| Content type term |
text |
| Content type code |
txt |
| 337 ## - MEDIA TYPE |
| Source |
rdamedia |
| Media type term |
unmediated |
| Media type code |
n |
| 338 ## - CARRIER TYPE |
| Source |
rdacarrier |
| Carrier type term |
volume |
| Carrier type code |
nc |
| 490 0# - SERIES STATEMENT |
| Series statement |
Fen Fakültesi Yayınları ; |
| Volume/sequential designation |
1784 |
| Series statement |
Anadolu Üniversitesi Yayınları ; |
| Volume/sequential designation |
32 |
| 504 ## - BIBLIOGRAPHY, ETC. NOTE |
| Bibliography, etc. note |
|
| 650 ## - SUBJECT ADDED ENTRY--TOPICAL TERM |
| 9 (RLIN) |
45714 |
| Topical term or geographic name entry element |
Biyoçeşitlilik |
| General subdivision |
Türkiye |
| -- |
Eskişehir. |
|
| 9 (RLIN) |
45713 |
| Topical term or geographic name entry element |
Zoocoğrafya |
| General subdivision |
Türkiye |
| -- |
Eskişehir. |
|
| 9 (RLIN) |
45715 |
| Topical term or geographic name entry element |
Zoogeography |
| General subdivision |
Turkey |
| -- |
Eskişehir. |
|
| 9 (RLIN) |
45716 |
| Topical term or geographic name entry element |
Biodiversity |
| General subdivision |
Turkey |
| -- |
Eskişehir. |
| 710 #2 - ADDED ENTRY--CORPORATE NAME |
| Corporate name or jurisdiction name as entry element |
Anadolu Üniversitesi. |
| Subordinate unit |
Fen Fakültesi |
| 9 (RLIN) |
45712 |
| 902 ## - LOCAL DATA ELEMENT B, LDB (RLIN) |
| a |
024743 |
| 903 ## - LOCAL DATA ELEMENT C, LDC (RLIN) |
| a |
Merkez Kütüphane |
| 942 ## - ADDED ENTRY ELEMENTS (KOHA) |
| Koha item type |
Book |
| Source of classification or shelving scheme |
Library of Congress Classification |
| 945 ## - LOCAL PROCESSING INFORMATION (OCLC) |
| a |
Meral Celik, 28.07.2008 |